Most Populous Islands of Canada - Statistics

General Stats
  • This quiz has been taken 522 times
  • The average score is 4 of 7
Answer Stats
Population Island % Correct
638,000 Vancouver Island
94%
466,000 Newfoundland
89%
136,000 Prince Edward Island
87%
1,982,000 Île de Montréal
74%
145,000 Cape Breton Island
49%
339,000 Île Jésus
20%
168,000 Lulu Island
8%
No matching quizzes found
Score Distribution
Percent of People with Each Score
Percentile by Number Answered
Your Score History
You have not taken this quiz